000 nam a22 7a 4500
999 _c9986
_d9986
008 180209b ||||| |||| 00| 0 eng d
100 _aChatterjee, S
_96029
245 _aThe Crap and the crane
260 _aLondon
_bLadybird Publication
_c1994